Statistics for J Vocabulary Words Quiz #1

Click here to take the quiz!

General Stats

  • This quiz has been taken 60,299 times
    (60,283 since last reset)
  • The average score is 14 of 24

Answer Stats

DefinitionWord% Correct
To illegally walk across the streetJaywalk
93%
Short straight punchJab
90%
American big catJaguar
90%
Spear for throwingJavelin
89%
Racehorse riderJockey
88%
King's comedianJester
84%
Medieval tournament eventJoust
76%
Large neck veinJugular
76%
Medical symptom of yellowed skinJaundice
74%
ChildishJuvenile
67%
Type of Chinese sailing vesselJunk
60%
African American slang talkJive
60%
To cut vegetables into long, thin stripsJulienne
56%
Jamaican spice rubJerk
51%
To reject a loverJilt
46%
Group-specific terminologyJargon
44%
An old, junky carJalopy
41%
Group of ruling military officersJunta
36%
Bored, callous, lacking enthusiasmJaded
33%
Items thrown overboard from a shipJetsam
30%
An unstoppable forceJuggernaut
29%
PerilJeopardy
29%
Ballet leapJete
24%
Swing danceJitterbug
21%

Score Distribution

Percentile by Number Answered

Percent of People with Each Score

Your Score History

You have not taken this quiz since the last reset